000 00306nam a22001457a 4500
008 210526b ||||| |||| 00| 0 eng d
020 _a9780328931828
041 _aeng
080 _a510
082 _a510
100 _a36
101 _aMAT
245 _aenVision Algebra 2
_cPearson,
942 _2udc
_cBK
999 _c57636
_d57636